The wisdom tree
| Main Author: | |
|---|---|
| Corporate Author: | |
| Format: | Book |
| Published: |
Australia :
The Five Mile Press ,
2005
|
| Series: | Ekidna club
|
| Subjects: |
MARC
| LEADER | 00000cam a2200000 7i4500 | ||
|---|---|---|---|
| 001 | 0000003540 | ||
| 005 | 20220105103948.0 | ||
| 008 | 070719 | ||
| 020 | |a 1741243416 | ||
| 090 | 0 | 0 | |a JP |b ANM ENG (3311) |
| 100 | 1 | |a Olsson, Fiona | |
| 245 | 1 | 4 | |a The wisdom tree |c Fiona Olsson and Garry Fleming |
| 260 | |a Australia : |b The Five Mile Press , |c 2005 | ||
| 440 | |a Ekidna club | ||
| 500 | |a Children age 4-6 years old (yellow) | ||
| 650 | 0 | |a Animals | |
| 650 | 0 | |a Junior preschool |x English |x Languages | |
| 710 | 0 | |a Title | |
| 999 | |a 0000966682 |b Book |c Children Collection |e Cawangan Tangkak | ||